Most Popular Baby Girl Names in Brazil - Statistics

General Stats
  • This quiz has been taken 210 times
  • The average score is 20 of 53
Answer Stats
Answer % Correct
Maria
97%
Ana
81%
Júlia
76%
Isabella
71%
Laura
59%
Sofia
58%
Sophia
58%
Gabriela
57%
Helena
57%
Lúcia
56%
Mariana
56%
Fernanda
55%
Valentina
54%
Juliana
53%
Alice
50%
Beatriz
50%
Amanda
45%
Patrícia
45%
Adriana
40%
Bruna
40%
Camila
40%
Leticia
40%
Jéssica
39%
Vanessa
39%
Rosa
38%
Vitória
38%
Cláudia
36%
Manuela
36%
Antônia
31%
Cecília
31%
Luana
31%
Sandra
31%
Larissa
29%
Luciana
29%
Francisca
27%
Rita
27%
Giovanna
26%
Vera
26%
Márcia
21%
Andréia
20%
Aline
19%
Aparecida
19%
Heloísa
19%
Tereza
19%
Cristiane
17%
Lorena
17%
Simone
17%
Sônia
17%
Josefa
16%
Luzia
11%
Marlene
11%
Raimunda
8%
Terezinha
4%
No matching quizzes found
Score Distribution
Percent of People with Each Score
Percentile by Number Answered
Your Score History
You have not taken this quiz